<?xml version="1.0" encoding="UTF-8"?>
<collection xmlns="http://www.loc.gov/MARC21/slim">
 <record>
  <leader>02751nam a22003497a 4500</leader>
  <controlfield tag="001">NCT_35294</controlfield>
  <controlfield tag="008">180515b        xxu||||| |||| 00| 0 vie d</controlfield>
  <datafield tag="999" ind1=" " ind2=" ">
   <subfield code="c">1704</subfield>
   <subfield code="d">1704</subfield>
  </datafield>
  <datafield tag="020" ind1=" " ind2=" ">
   <subfield code="a">9786046613305</subfield>
   <subfield code="c">200000</subfield>
  </datafield>
  <datafield tag="082" ind1="0" ind2="4">
   <subfield code="2">23rd ed.</subfield>
   <subfield code="a">616.0756</subfield>
   <subfield code="b">Tr561</subfield>
  </datafield>
  <datafield tag="100" ind1="1" ind2=" ">
   <subfield code="a">Lê Xuân Trường</subfield>
   <subfield code="e">Chủ biên</subfield>
  </datafield>
  <datafield tag="245" ind1="1" ind2="0">
   <subfield code="a">Những xét nghiệm hóa sinh hiện đại sử dụng trong lâm sàng</subfield>
   <subfield code="c">Lê Xuân Trường (chủ biên) </subfield>
  </datafield>
  <datafield tag="250" ind1=" " ind2=" ">
   <subfield code="a">Tái bản lần thứ 1, có sữa chữa, bổ sung</subfield>
  </datafield>
  <datafield tag="260" ind1=" " ind2=" ">
   <subfield code="a">H.</subfield>
   <subfield code="b">Y học</subfield>
   <subfield code="c">2015</subfield>
  </datafield>
  <datafield tag="300" ind1=" " ind2=" ">
   <subfield code="a">209 tr.</subfield>
   <subfield code="b">Minh họa </subfield>
   <subfield code="c">24cm</subfield>
  </datafield>
  <datafield tag="520" ind1="3" ind2=" ">
   <subfield code="a">Nội dung quyển sách cập nhật về các xét nghiệm hóa sinh, đồng thời phân tích các ưu nhược điểm của từng xét nghiệm hóa sinh, nguyên tắc và phương pháp định lượng chúng</subfield>
  </datafield>
  <datafield tag="653" ind1=" " ind2=" ">
   <subfield code="a">Xét nghiệm y học</subfield>
  </datafield>
  <datafield tag="700" ind1="1" ind2=" ">
   <subfield code="a">Nguyễn Thị Băng Sương</subfield>
   <subfield code="e">Biên soạn</subfield>
  </datafield>
  <datafield tag="700" ind1="1" ind2=" ">
   <subfield code="a">Đỗ Thị Thanh Thủy</subfield>
   <subfield code="e">Biên soạn</subfield>
  </datafield>
  <datafield tag="700" ind1="1" ind2=" ">
   <subfield code="a">Trần Thành Vinh</subfield>
   <subfield code="e">Biên soạn</subfield>
  </datafield>
  <datafield tag="942" ind1=" " ind2=" ">
   <subfield code="2">ddc</subfield>
   <subfield code="c">BK</subfield>
  </datafield>
  <datafield tag="952" ind1=" " ind2=" ">
   <subfield code="0">0</subfield>
   <subfield code="1">0</subfield>
   <subfield code="2">ddc</subfield>
   <subfield code="4">0</subfield>
   <subfield code="6">616_075600000000000_TR561</subfield>
   <subfield code="7">0</subfield>
   <subfield code="9">8141</subfield>
   <subfield code="a">000001</subfield>
   <subfield code="b">000001</subfield>
   <subfield code="d">2018-05-15</subfield>
   <subfield code="o">616.0756 Tr561</subfield>
   <subfield code="p">MD.09116</subfield>
   <subfield code="r">2018-05-15</subfield>
   <subfield code="v">200000.00</subfield>
   <subfield code="w">2018-05-15</subfield>
   <subfield code="y">BK</subfield>
  </datafield>
  <datafield tag="952" ind1=" " ind2=" ">
   <subfield code="0">0</subfield>
   <subfield code="1">0</subfield>
   <subfield code="2">ddc</subfield>
   <subfield code="4">0</subfield>
   <subfield code="6">616_075600000000000_TR561</subfield>
   <subfield code="7">0</subfield>
   <subfield code="9">8142</subfield>
   <subfield code="a">000001</subfield>
   <subfield code="b">000001</subfield>
   <subfield code="d">2018-05-15</subfield>
   <subfield code="o">616.0756 Tr561</subfield>
   <subfield code="p">MD.09117</subfield>
   <subfield code="r">2018-05-15</subfield>
   <subfield code="v">200000.00</subfield>
   <subfield code="w">2018-05-15</subfield>
   <subfield code="y">BK</subfield>
  </datafield>
  <datafield tag="952" ind1=" " ind2=" ">
   <subfield code="0">0</subfield>
   <subfield code="1">0</subfield>
   <subfield code="2">ddc</subfield>
   <subfield code="4">0</subfield>
   <subfield code="6">616_075600000000000_TR561</subfield>
   <subfield code="7">0</subfield>
   <subfield code="9">8143</subfield>
   <subfield code="a">000001</subfield>
   <subfield code="b">000001</subfield>
   <subfield code="d">2018-05-15</subfield>
   <subfield code="o">616.0756 Tr561</subfield>
   <subfield code="p">MD.09118</subfield>
   <subfield code="r">2020-11-07</subfield>
   <subfield code="v">200000.00</subfield>
   <subfield code="w">2018-05-15</subfield>
   <subfield code="y">BK</subfield>
  </datafield>
  <datafield tag="952" ind1=" " ind2=" ">
   <subfield code="0">0</subfield>
   <subfield code="1">0</subfield>
   <subfield code="2">ddc</subfield>
   <subfield code="4">0</subfield>
   <subfield code="6">616_075600000000000_TR561</subfield>
   <subfield code="7">0</subfield>
   <subfield code="9">8144</subfield>
   <subfield code="a">000001</subfield>
   <subfield code="b">000001</subfield>
   <subfield code="d">2018-05-15</subfield>
   <subfield code="o">616.0756 Tr561</subfield>
   <subfield code="p">MD.09119</subfield>
   <subfield code="r">2018-05-15</subfield>
   <subfield code="v">200000.00</subfield>
   <subfield code="w">2018-05-15</subfield>
   <subfield code="y">BK</subfield>
  </datafield>
  <datafield tag="952" ind1=" " ind2=" ">
   <subfield code="0">0</subfield>
   <subfield code="1">0</subfield>
   <subfield code="2">ddc</subfield>
   <subfield code="4">0</subfield>
   <subfield code="6">616_075600000000000_TR561</subfield>
   <subfield code="7">0</subfield>
   <subfield code="9">8145</subfield>
   <subfield code="a">000001</subfield>
   <subfield code="b">000001</subfield>
   <subfield code="d">2018-05-15</subfield>
   <subfield code="o">616.0756 Tr561</subfield>
   <subfield code="p">MD.09120</subfield>
   <subfield code="r">2018-05-15</subfield>
   <subfield code="v">200000.00</subfield>
   <subfield code="w">2018-05-15</subfield>
   <subfield code="y">BK</subfield>
  </datafield>
  <datafield tag="952" ind1=" " ind2=" ">
   <subfield code="0">0</subfield>
   <subfield code="1">0</subfield>
   <subfield code="2">ddc</subfield>
   <subfield code="4">0</subfield>
   <subfield code="6">616_075600000000000_TR561</subfield>
   <subfield code="7">0</subfield>
   <subfield code="9">18822</subfield>
   <subfield code="a">000001</subfield>
   <subfield code="b">000001</subfield>
   <subfield code="d">2020-02-24</subfield>
   <subfield code="o">616.0756 Tr561</subfield>
   <subfield code="p">MD.16478</subfield>
   <subfield code="r">2020-10-08</subfield>
   <subfield code="v">250000.00</subfield>
   <subfield code="w">2020-02-24</subfield>
   <subfield code="y">BK</subfield>
  </datafield>
  <datafield tag="952" ind1=" " ind2=" ">
   <subfield code="0">0</subfield>
   <subfield code="1">0</subfield>
   <subfield code="2">ddc</subfield>
   <subfield code="4">0</subfield>
   <subfield code="6">616_075600000000000_TR561</subfield>
   <subfield code="7">0</subfield>
   <subfield code="9">18823</subfield>
   <subfield code="a">000001</subfield>
   <subfield code="b">000001</subfield>
   <subfield code="d">2020-02-24</subfield>
   <subfield code="o">616.0756 Tr561</subfield>
   <subfield code="p">MD.16479</subfield>
   <subfield code="r">2020-02-24</subfield>
   <subfield code="v">250000.00</subfield>
   <subfield code="w">2020-02-24</subfield>
   <subfield code="y">BK</subfield>
  </datafield>
  <datafield tag="952" ind1=" " ind2=" ">
   <subfield code="0">0</subfield>
   <subfield code="1">0</subfield>
   <subfield code="2">ddc</subfield>
   <subfield code="4">0</subfield>
   <subfield code="6">616_075600000000000_TR561</subfield>
   <subfield code="7">0</subfield>
   <subfield code="9">18824</subfield>
   <subfield code="a">000001</subfield>
   <subfield code="b">000001</subfield>
   <subfield code="d">2020-02-24</subfield>
   <subfield code="o">616.0756 Tr561</subfield>
   <subfield code="p">MD.16480</subfield>
   <subfield code="r">2020-02-24</subfield>
   <subfield code="v">250000.00</subfield>
   <subfield code="w">2020-02-24</subfield>
   <subfield code="y">BK</subfield>
  </datafield>
  <datafield tag="952" ind1=" " ind2=" ">
   <subfield code="0">0</subfield>
   <subfield code="1">0</subfield>
   <subfield code="2">ddc</subfield>
   <subfield code="4">0</subfield>
   <subfield code="6">616_075600000000000_TR561</subfield>
   <subfield code="7">0</subfield>
   <subfield code="9">18825</subfield>
   <subfield code="a">000001</subfield>
   <subfield code="b">000001</subfield>
   <subfield code="d">2020-02-24</subfield>
   <subfield code="o">616.0756 Tr561</subfield>
   <subfield code="p">MD.16481</subfield>
   <subfield code="r">2020-02-24</subfield>
   <subfield code="v">250000.00</subfield>
   <subfield code="w">2020-02-24</subfield>
   <subfield code="y">BK</subfield>
  </datafield>
  <datafield tag="952" ind1=" " ind2=" ">
   <subfield code="0">0</subfield>
   <subfield code="1">0</subfield>
   <subfield code="2">ddc</subfield>
   <subfield code="4">0</subfield>
   <subfield code="6">616_075600000000000_TR561</subfield>
   <subfield code="7">0</subfield>
   <subfield code="9">18826</subfield>
   <subfield code="a">000001</subfield>
   <subfield code="b">000001</subfield>
   <subfield code="d">2020-02-24</subfield>
   <subfield code="o">616.0756 Tr561</subfield>
   <subfield code="p">MD.16482</subfield>
   <subfield code="r">2020-02-24</subfield>
   <subfield code="v">250000.00</subfield>
   <subfield code="w">2020-02-24</subfield>
   <subfield code="y">BK</subfield>
  </datafield>
  <datafield tag="980" ind1=" " ind2=" ">
   <subfield code="a">Thư viện Trường Đại học Nam Cần Thơ</subfield>
  </datafield>
 </record>
</collection>
